000 01201cam a2200313 a 4500
999 _c7329
_d7329
001 636462
003 OSt
005 20211005111342.0
008 931015s1994 enka b 001 0 eng
010 _a 93041258
020 _a0521419751 (hardback)
040 _aDLC
_cDDC
_dDLC
050 0 0 _aTA1700
_b.D56 1994
082 0 0 _a621.366DIO 1994
100 _a Botez,Dan; Scifres,Don R.;
_915018
245 0 0 _aDiode laser arrays.
_cEdited by Botez,Dan and Scifres,Don R.;
260 _aNew York.
_bCambridge University Press.
_c1994.
300 _axv,448p;
_bill;
_c24cm.
440 0 _aCambridge studies in modern optics ;
_v14
_915019
504 _aIncludes; bibliographical references and index.
650 0 _aEngineering
_9373
700 1 _aBotez, Dan.
_915020
700 1 _aScifres, Don R.
_915021
856 4 2 _3Publisher description
_uhttp://www.loc.gov/catdir/description/cam026/93041258.html
856 4 1 _3Table of contents
_uhttp://www.loc.gov/catdir/toc/cam022/93041258.html
906 _a7
_bcbc
_corignew
_d1
_eocip
_f19
_gy-gencatlg
942 _2ddc
_cO_SHELF